| 000 | 00582nam a2200181Ia 4500 | ||
|---|---|---|---|
| 008 | 151202s9999||||xx |||||||||||||| ||und|| | ||
| 082 | _bPNVM-2465 | ||
| 100 | _aGREY HENRY EARL. | ||
| 245 | _a"THE REFORM ACT, 1832. THE CORRESPONDANCE OF THE EARL GREY. VOL-1." | ||
| 260 | _b"J.MURRAY, LONDON." | ||
| 260 | _c0 | ||
| 300 | _a0 | ||
| 600 | _aGREY HENRY EARL. | ||
| 630 | _a"THE REFORM ACT, 1832. THE CORRESPONDANCE OF THE EARL GREY. VOL-1." | ||
| 700 | _aGREY HENRY EARL. | ||
| 730 | _a"THE REFORM ACT, 1832. THE CORRESPONDANCE OF THE EARL GREY. VOL-1." | ||
| 942 | _cBOOK | ||
| 999 |
_c1268463 _d1268460 |
||